| 000 | 00649naa a2200217 i 4500 | ||
|---|---|---|---|
| 001 | 86387 | ||
| 003 | ES-MaBCM | ||
| 005 | 20241016125239.0 | ||
| 008 | 020919s2002 fra 000 0 fre d | ||
| 021 | _axx | ||
| 035 | _a(OCoLC)1365240374 | ||
| 040 | _cES-MaBCM | ||
| 041 | 0 | _afre | |
| 043 | _afra | ||
| 100 | 1 |
_aRuyver, Brice de _912398 |
|
| 245 | 1 | 0 |
_aLa réforme des services de police en Belgique _cBrice de Ruyver |
| 650 | 2 | 7 |
_aPolicía _959805 |
| 651 | 2 | 4 |
_aBélgica _9115362 |
| 773 | 0 |
_aEn: _tAdministration : revue de l'administration territorale de l'État _dParis : 2002 _w104652 _gnº 194, juin, p.24-27. - Loc. S.303 |
|
| 942 | _cAREV | ||
| 999 |
_c86387 _d86387 |
||